000 00656nam a22001937a 4500
999 _c174838
_d174838
005 20200713160031.0
010 _aUR-10813
020 _c75.00
_a-
035 _aU-9368
037 _bDBAD/PUB
082 _a840
100 _aمد ير : جا و يد يز د ا نی
245 _aکا ر و ا ن ا د ب
_cمد ير : جا و يد يز د ا نی
246 _bKarwan-e-Adab (Urdu)
_aby Javed Yezdani
260 _aM.P.
_bJaved Yezdani
_c2019 ء
270 _a13-14,Allied Complex,Motia Park,Sultania Road,Moti Masjid,
_bBhopal
_e462001
_k9300497627
_l-
300 _a160 ص
_c22 Cm(Hb)
942 _2ddc
_cUR
_h840
_m ج ا و